Progress in inorganic chemistry
| Other Authors: | |
|---|---|
| Language: | English |
| Published: |
Oxford:
Wiley-Blackwell,
2009.
|
| Subjects: |
| LEADER | 00563cam a2200181 7i4500 | ||
|---|---|---|---|
| 001 | 0000078193 | ||
| 005 | 20091224090000.0 | ||
| 008 | 091223s2009 enka 000 0 eng | ||
| 020 | # | 0 | |a 9780470395479 |
| 090 | 0 | 0 | |a QD 171 |b .P7 2009 |
| 245 | 0 | 0 | |a Progress in inorganic chemistry |c edited by Kenneth D. Karlin. |
| 260 | # | # | |a Oxford: |b Wiley-Blackwell, |c 2009. |
| 300 | # | # | |a 586 p.: |b ill.; |c 24 cm.. |
| 500 | # | # | |a Vol. 56 |
| 650 | 0 | 0 | |a Organic chemistry |
| 650 | 0 | 0 | |a Inorganic compounds |
| 700 | 1 | 1 | |a Karlin, Kenneth D. |
| 999 | |a 1100071765 |b Book |c Open Shelf |e KOLEKSI TERBUKA | ||


